Insectos, Aranhas Serpentes (Record no. 45579)

MARC details
000 -Etiqueta do registo
Valores 00445nam a2200169 4500
100 ## - Dados gerais de processamento
Dados gerais 20260127 pory50
101 ## - Língua de publicação
Língua por
102 ## - País de publicação
País PT
200 ## - Titulo e menção de responsabilidade
Título próprio Insectos, Aranhas Serpentes
Primeira menção de responsabilidade Ken Preston-Mafham ... [et al.]
210 ## - Publicação
Local de publicação Lisboa
Nome do editor Edições 70
Data de publicação [D.L. 2003]
215 ## - Descrição física 
Paginação / Volumes 224 p.
Outras indicações físicas il.
314 ## - Responsabilidade Intelectual
Texto da nota Ken Preston-Mafham , Nigel Marven , Rob Harvey
675 ## - CDU
Notação 59(03)
801 ## - Fonte de origem
País PT
Regras de catalogação RPC
990 ## - Elementos KOHA
Tipo de documento Livro
Holdings
Aquisição Empréstimo Código de barras Cota Permissão de empréstimo Tipo de documento
Biblioteca Municipal de Redondo Biblioteca Municipal de Redondo 056292 59(03) PRE   Livro

Powered by Koha